000 00460nam a2200145 4500
001 113172
003 ES-MaACL
007 t|
008 061121s1914 fr r ||||1| fre d
100 1 _aMuzet, Alphonse.
_984741
245 1 0 _aAux pays Balkaniques apres les guerres de 1912-1913
_b: Montenegro, Serbia, Bulgarie /
_cpar Alphonse Muzet.
260 _aParis :
_b[s.n.],
_c1914 (
_fTyp. Ph. Renouard)
300 _a248 p. ;
_c20 cm.
852 _aES-MaACL
_jB-3981
999 _c113172
_d113172